DHS inconsistently implemented administrative forfeiture authorities under CAFRA /

Bibliographic Details
Corporate Author: United States. Department of Homeland Security. Office of Inspector General (Author)
Format: Government Document eBook
Language:English
Published: Washington, DC : U.S. Department of Homeland Security, Office of Inspector General, 2020.
Subjects:
Online Access:https://purl.fdlp.gov/GPO/gpo144655

MARC

Tag First Indicator Second Indicator Subfields
LEADER 00000cam a2200000 i 4500
001 in00004348421
005 20211120110224.0
006 m o d f
007 cr mn|||||||||
008 200914s2020 dcua ob f000 0 eng c
035 |a (OCoLC)on1195742496 
042 |a pcc 
043 |a n-us--- 
040 |a GPO  |b eng  |e rda  |e pn  |c GPO  |d MvI 
049 |a WWW 
074 |a 0520-B-32 (online) 
086 0 |a HS 1.22:20-66 
088 |a OIG-20-66 
110 1 |a United States.  |b Department of Homeland Security.  |b Office of Inspector General,  |e author. 
245 1 0 |a DHS inconsistently implemented administrative forfeiture authorities under CAFRA /  |c Office of Inspector General. 
246 3 |a Department of Homeland Security inconsistently implemented administrative forfeiture authorities under Civil Asset Forfeiture Reform Act 
264 1 |a Washington, DC :  |b U.S. Department of Homeland Security, Office of Inspector General,  |c 2020. 
300 |a 1 online resource (24 pages) :  |b color illustrations 
336 |a text  |b txt  |2 rdacontent 
337 |a computer  |b c  |2 rdamedia 
338 |a online resource  |b cr  |2 rdacarrier 
500 |a "August 27, 2020." 
500 |a "OIG-20-66." 
504 |a Includes bibliographical references. 
588 0 |a Online resource; title from PDF cover page (DHS web site, viewed September 14, 2020). 
610 1 0 |a United States.  |b Department of Homeland Security  |x Auditing. 
610 1 0 |a United States.  |b Department of Homeland Security  |x Rules and practice. 
610 1 0 |a United States.  |t Civil Asset Forfeiture Reform Act of 2000 (CAFRA) 
650 0 |a Forfeiture  |z United States. 
856 4 0 |u https://purl.fdlp.gov/GPO/gpo144655  |t 0 
999 f f |s 52b75129-d965-330c-a54d-99953d5428a2  |i d1c81861-7c52-390c-a545-8feab36a9923  |t 0 
952 f f |a Texas A&M University  |b College Station  |c Electronic Resources  |d Available Online  |t 0  |e HS 1.22:20-66  |h Superintendent of Documents classification 
998 f f |a HS 1.22:20-66  |t 0  |l Available Online